[Event "Bad Woerishofen op 28th"]
[Site "Bad Woerishofen"]
[Date "2012.03.09"]
[Round "8"]
[White "Bangert, Ruediger"]
[Black "Sauerwein, Martin"]
[Result "1-0"]
[WhiteElo "1685"]
[BlackElo "1641"]
[PlyCount "51"]
[EventDate "2012.03.02"]
[EventType "swiss"]
[EventRounds "9"]
[EventCountry "GER"]
[SourceTitle "EXT 2019"]
[Source "ChessBase"]
[SourceDate "2018.10.10"]
[SourceVersion "1"]
[SourceVersionDate "2018.10.10"]
[SourceQuality "1"]

1. d4 d5 2. c4 c6 3. cxd5 cxd5 4. Nc3 Bf5 5. Nf3 Nc6 6. e3 Nf6 7. Bb5 Qc7 8. h3 a6 9. Bxc6+ Qxc6 10. Ne5 Qc7 11. Qa4+ Bd7 12. Qb3 e6 13. 0-0 Bd6 14. f4 0-0 15. Bd2 Bxe5 16. fxe5 Ne4 17. Nxe4 dxe4 18. Rac1 Qb8 19. Bb4 Rc8 20. Bd6 Qa7 21. Bc5 Qb8 22. Rf4 Bc6 23. Rcf1 Bd5 24. Qa3 f5 25. exf6 gxf6 26. Rxf6 1-0

[Event "Bad Woerishofen op 28th"]
[Site "Bad Woerishofen"]
[Date "2012.03.05"]
[Round "4"]
[White "Sauerwein, Martin"]
[Black "Lang, Ludwig"]
[Result "1-0"]
[WhiteElo "1641"]
[BlackElo "1433"]
[PlyCount "61"]
[EventDate "2012.03.02"]
[EventType "swiss"]
[EventRounds "9"]
[EventCountry "GER"]
[SourceTitle "EXT 2019"]
[Source "ChessBase"]
[SourceDate "2018.10.10"]
[SourceVersion "1"]
[SourceVersionDate "2018.10.10"]
[SourceQuality "1"]

1. d4 d5 2. c4 Nf6 3. e3 e6 4. Nc3 Nc6 5. Nf3 Bb4 6. Bd2 b6 7. Be2 0-0 8. a3 Be7 9. cxd5 exd5 10. Rc1 Bb7 11. 0-0 a6 12. h3 h6 13. Bd3 Bd6 14. e4 dxe4 15. Nxe4 Be7 16. Nxf6+ Bxf6 17. Be4 Qd7 18. Qc2 Nxd4 19. Nxd4 Qxd4 20. Bxb7 Ra7 21. Bc3 Qf4 22. Bxf6 Qxf6 23. Bc6 Qg6 24. Rfd1 Qxc2 25. Rxc2 g5 26. Re2 Kg7 27. Re7 a5 28. Rdd7 a4 29. Rxc7 Rxc7 30. Rxc7 Rd8 31. Bxa4 1-0